000 00324nam a22001457a 4500
008 210322b ||||| |||| 00| 0 eng d
020 _a9781599712987
041 _aeng
080 _a616.31
082 _a616.31
100 _a5
101 _aSTO
245 _aBreakthrough Dental Marketing
_cHarris, J
942 _2udc
_cBK
999 _c56627
_d56627